000 00552nam a2200205Ia 4500
003 BUBTL
008 151213s9999 xx 000 0 und d
020 _a81-203-0746-1
082 _a338.5KRC
100 _a Kreps,David M.
_91381
245 _aA Course In Microeconomic Theory :
_cDavid M.Kreps
250 _a1st ed.
260 _aNew Delhi :
_bPrentic Hall,
_cc1999.
300 _axviii,839 p. :
_c21 cm.
650 _aEconomics
650 _aEconomics
856 _k0
_l0
_yDownload
942 _2ddc
_cBK
999 _c3023
_d3023